আয়কর সারগ্রন্থ/ (Record no. 1730)
[ view plain ]
| 000 -LEADER | |
|---|---|
| fixed length control field | 00654nam a2200205Ia 4500 |
| 003 - CONTROL NUMBER IDENTIFIER | |
| control field | BUBTL |
| 008 - FIXED-LENGTH DATA ELEMENTS--GENERAL INFORMATION | |
| fixed length control field | 151213s9999 xx 000 0 und d |
| 082 ## - DEWEY DECIMAL CLASSIFICATION NUMBER | |
| Classification number | 343.052/ Am99i/ 2005 |
| 100 ## - MAIN ENTRY--PERSONAL NAME | |
| Personal name | আমজাদ, আবু |
| 9 (RLIN) | 4315 |
| 245 ## - TITLE STATEMENT | |
| Title | আয়কর সারগ্রন্থ/ |
| Statement of responsibility, etc. | আবু আমজাদ। |
| 250 ## - EDITION STATEMENT | |
| Edition statement | 6th |
| 260 ## - PUBLICATION, DISTRIBUTION, ETC. (IMPRINT) | |
| Place of publication, distribution, etc. | ঢাকা |
| Name of publisher, distributor, etc. | সাফকাত প্রকাশনী |
| Date of publication, distribution, etc. | c2005 |
| 300 ## - PHYSICAL DESCRIPTION | |
| Extent | [40], 687p . : |
| Dimensions | 21cm. |
| 650 ## - SUBJECT ADDED ENTRY--TOPICAL TERM | |
| Topical term or geographic name as entry element | Law |
| 650 ## - SUBJECT ADDED ENTRY--TOPICAL TERM | |
| Topical term or geographic name as entry element | Law |
| 9 (RLIN) | 4316 |
| 700 ## - ADDED ENTRY--PERSONAL NAME | |
| Personal name | আবু আমজাদ। |
| 856 ## - ELECTRONIC LOCATION AND ACCESS | |
| Password | 0 |
| Logon | 0 |
| Link text | Download |
| 942 ## - ADDED ENTRY ELEMENTS (KOHA) | |
| Source of classification or shelving scheme | |
| Koha item type | Books |
| Withdrawn status | Lost status | Source of classification or shelving scheme | Damaged status | Not for loan | Collection code | Permanent location | Current location | Shelving location | Date acquired | Source of acquisition | Inventory number | Total Checkouts | Full call number | Barcode | Date last seen | Copy number | Price effective from | Koha item type | Date last checked out |
|---|---|---|---|---|---|---|---|---|---|---|---|---|---|---|---|---|---|---|---|
| Not For Loan | Non-fiction | Bangladesh University of Business and Technology Library | Bangladesh University of Business and Technology Library | Law Stacks | 12/06/2005 | Purchase | 2486 | 343.052/ Am99i/ 2005 | BUBTL-20032486 | 10/28/2021 | C-1 | 10/28/2021 | Books | ||||||
| Non-fiction | Bangladesh University of Business and Technology Library | Bangladesh University of Business and Technology Library | Law Stacks | 12/06/2005 | Purchase | 2487 | 1 | 343.052/ Am99i/ 2005 | BUBTL-20032487 | 10/02/2023 | C-2 | 10/28/2021 | Books | 09/27/2023 | |||||
| Not For Loan | Non-fiction | Bangladesh University of Business and Technology Library | Bangladesh University of Business and Technology Library | Law Stacks | 12/06/2005 | Purchase | 2489 | 343.052/ Am99i/ 2005 | BUBTL-20032489 | 10/28/2021 | C-3 | 10/28/2021 | Books | ||||||
| Non-fiction | Bangladesh University of Business and Technology Library | Bangladesh University of Business and Technology Library | Law Stacks | 12/06/2005 | Purchase | 2490 | 1 | 343.052/ Am99i/ 2005 | BUBTL-20032490 | 10/08/2023 | C-4 | 10/28/2021 | Books | 09/27/2023 |
